000 00636nam a2200229Ia 4500
003 OSt
005 20220928120053.0
006 a|||||r|||| 00| 0
007 ta
008 220927b |||||||| |||| 00| 0 eng d
024 _a37868
037 _cTextual
040 _aSDCL
_cSDCL
_beng
041 _2eng
_aeng
082 _aX9(J741).2'N8, M9
100 _aSarkar Goutam K
_9447456
245 0 _aJute in India
_b An economic analysis
260 _aOxford
_bOxford University Press
_c1989
300 _axii,130p
_ccm.
942 _hX9(J741).2'N8, M9
_cTEXL
_2CC
999 _c762130
_d762130